[Event "Nittenau-ch op 15th"]
[Site "Nittenau"]
[Date "2015.09.19"]
[Round "3"]
[White "Stoeckl, Maximilian"]
[Black "Gilch, Helmut"]
[Result "1/2-1/2"]
[WhiteElo "1248"]
[BlackElo "1496"]
[PlyCount "45"]
[EventDate "2015.09.18"]
[EventType "swiss"]
[EventRounds "5"]
[EventCountry "GER"]
[SourceTitle "EXT 2017"]
[Source "ChessBase"]
[SourceDate "2016.10.25"]
[SourceVersion "1"]
[SourceVersionDate "2016.10.25"]
[SourceQuality "1"]

1. d4 d5 2. c4 c6 3. Nf3 Nf6 4. Nc3 g6 5. Bg5 Bg7 6. e3 0-0 7. Bd3 Be6 8. b3 Na6 9. 0-0 Nb4 10. Be2 Rc8 11. c5 Na6 12. Bxa6 bxa6 13. b4 Rb8 14. Ne5 Qc8 15. Qa4 Re8 16. a3 h6 17. Bxf6 Bxf6 18. Nd3 Bf5 19. Rfd1 Bxd3 20. Rxd3 e5 21. dxe5 Bxe5 22. h3 Bxc3 23. Rxc3 1/2-1/2